Kaleṿalah erets ha-giborim / (Record no. 32804)

MARC details
000 -LEADER
fixed length control field 00604cam a22002171 4500
001 - CONTROL NUMBER
control field he 67002472
003 - CONTROL NUMBER IDENTIFIER
control field DLC
005 - DATE AND TIME OF LATEST TRANSACTION
control field 20260227111452.0
008 - FIXED-LENGTH DATA ELEMENTS--GENERAL INFORMATION
fixed length control field 840503s1964 is 000 0 heb
010 ## - LIBRARY OF CONGRESS CONTROL NUMBER
LC control number he 67002472
035 ## - SYSTEM CONTROL NUMBER
System control number (OCoLC)19153631
040 ## - CATALOGING SOURCE
Original cataloging agency DLC
Transcribing agency MH
Modifying agency DLC
042 ## - AUTHENTICATION CODE
Authentication code premarc
050 00 - LIBRARY OF CONGRESS CALL NUMBER
Classification number PH324.H4
Item number T6
130 0# - MAIN ENTRY--UNIFORM TITLE
Uniform title Kalevala.
245 10 - TITLE STATEMENT
Title Kaleṿalah erets ha-giborim /
Statement of responsibility, etc. tirgemah ṿe-ʻibdah Sara Ṭuvyah.
260 ## - PUBLICATION, DISTRIBUTION, ETC.
Place of publication, distribution, etc. [Tel Aviv] :
Name of publisher, distributor, etc. Maḥbarot le-sifrut
Date of publication, distribution, etc. [1964]
300 ## - PHYSICAL DESCRIPTION
Extent 218 p. :
Other physical details illus. ;
Dimensions 25 cm.
700 1# - ADDED ENTRY--PERSONAL NAME
Personal name Toviyah, Sarah,
Relator term tr.
752 ## - ADDED ENTRY--HIERARCHICAL PLACE NAME
Country or larger entity Israel
City Tel Aviv

No items available.

Powered by Koha